| 000 | 00463nam a22001937a 4500 | ||
|---|---|---|---|
| 003 | 330010 | ||
| 005 | 20251210105038.0 | ||
| 008 | 251210b sa ||||| |||| 00| 0 eng d | ||
| 020 |
_a9780785288961 _qpbk |
||
| 040 | _c3228 | ||
| 041 | _2E | ||
| 082 | 0 | _a650.1 MAXW | |
| 100 | _aMaxwell John C | ||
| 245 | _aTalent Is Never Enough | ||
| 250 | _a1st Ed. | ||
| 260 |
_aNashville _bThomas Nelson _c2007 |
||
| 300 |
_ax, 281 pages _c21 cm |
||
| 942 |
_2ddc _cBOOK _w190 _xDudu Mondlane _y190 _zDudu Mondlane |
||
| 999 |
_c790507 _d790506 |
||